Curso de diseño y cálculo de estructuras de madera

Bewaard in:
Bibliografische gegevens
Hoofdauteurs: Argüelles Álvarez, Ramón (Auteur), Arriaga Martitegui, Francisco (Auteur)
Formaat: Boek
Taal:Spaans
Gepubliceerd in: Madrid Colegio Oficial de Arquuitectos de Madrid 1992
Editie:2a. ed
Onderwerpen:
Tags: Voeg label toe
Geen labels, Wees de eerste die dit record labelt!

MARC

LEADER 00000nam a2200000 a 4500
001 UCX9070
003 CL-VaPUC
008 940513e19920000SP |||||||||||||||||spa|d
082 0 4 |a 624.184  |b ARG  |2 21 
100 |a Argüelles Álvarez, Ramón  |e author  |9 492119 
700 0 |a Arriaga Martitegui, Francisco  |e author  |9 326347 
245 1 0 |a Curso de diseño y cálculo de estructuras de madera 
246 1 0 |a Diseño y cálculo de estructuras de madera 
246 1 0 |a Estructuras de madera 
250 |a 2a. ed 
300 |a 173 p 
942 |c BK 
945 |d 19940513 00:00:00  |a mfernand 
260 |a Madrid  |b Colegio Oficial de Arquuitectos de Madrid  |c 1992 
650 7 |a ESTRUCTURAS DE MADERA DISEÑO Y CONSTRUCCION  |2 CL-VaPUC  |9 266383 
583 |a last modification  |c 19940513 00:00:00  |k Rodrigo Vera 
999 |c 228403  |d 228401 
952 |0 0  |1 0  |4 0  |6 624_184000000000000_ARG_1992  |7 0  |8 A  |9 228416  |a BIBING  |b BIBING  |d 2019-11-15  |i 2971739  |o 624.184 ARG 1992  |p 2971739  |r 2023-03-02  |w 2019-11-15  |y BK  |k CCL